000 00237nam a2200097Ia 4500
008 220204s9999 xx 000 0 und d
082 _a058(4)
_bEUR.2
245 0 _aEuropa yearbook. 1977. V 2
260 _aLondon
_bEuropa
_c1977
942 _cBK
999 _c25740
_d25740